Coloquio con Miguel Angel Asturias /
Shranjeno v:
| Glavni avtor: | |
|---|---|
| Format: | Neznan |
| Jezik: | Spanish |
| Izdano: |
Guatemala :
Editorial Universidad de Guatemala,
1968.
|
| Teme: | |
| Oznake: |
Označite
Brez oznak, prvi označite!
|
MARC
| LEADER | 000000000a22000000004500 | ||
|---|---|---|---|
| 001 | 002082 | ||
| 008 | 191126b xxu||||| |||| 00| 0 spa d | ||
| 041 | 0 | |a español | |
| 082 | |a G863.4D |b A859co | ||
| 100 | 1 | |a Universidad de San Carlos de Guatemala | |
| 245 | 1 | 0 | |a Coloquio con Miguel Angel Asturias / |c Universidad de San Carlos de Guatemala. |
| 260 | 1 | |a Guatemala : |b Editorial Universidad de Guatemala, |c 1968. | |
| 300 | |a 37 páginas |b retrato | ||
| 650 | 4 | |a ASTURIAS, MIGUEL ANGEL, 1899-1974 | |
| 650 | 4 | |a CRITICAS | |
| 942 | |2 ddc |c BK | ||
| 999 | |c 2955 |d 2955 | ||
